书目信息 |
| 题名: |
管理条件、管理标识、管理安全
|
|
| 作者: | ;南水北调东线江苏水源有限责任公司 编著 | |
| 分册: | ||
| 出版信息: | 南京 河海大学出版社 2022.02 |
|
| 页数: | 119页 | |
| 开本: | 26cm | |
| 丛书名: | 南水北调后续工程高质量发展·大型泵站标准化管理系列丛书 | |
| 单 册: | ||
| 中图分类: | TV675-65 | |
| 科图分类: | ||
| 主题词: | 南水北调--nan shui bei tiao--泵站--标准化管理 | |
| 电子资源: | ||
| ISBN: | 978-7-5630-7377-1 | |
| 000 | 01296oam2 2200241 450 | |
| 001 | 011025153133 | |
| 005 | 20221025153133.0 | |
| 010 | @a978-7-5630-7377-1@dCNY59.00 | |
| 100 | @a20201004d2022 em y0chiy0120 ea | |
| 101 | 0 | @achi |
| 102 | @aCN@b320000 | |
| 105 | @aa z 000yy | |
| 106 | @ar | |
| 200 | 1 | @a管理条件、管理标识、管理安全@Aguan li tiao jian guan li biao shi guan li an quan@f南水北调东线江苏水源有限责任公司编著 |
| 210 | @a南京@c河海大学出版社@d2022.02 | |
| 215 | @a119页@c彩图@d26cm | |
| 225 | 2 | @a南水北调后续工程高质量发展·大型泵站标准化管理系列丛书@Anan shui bei tiao hou xu gong cheng gao zhi liang fa zhan da xing beng zhan biao zhun hua guan li xi lie cong shu |
| 330 | @a本书主要介绍泵站工程管理条件、管理标识、管理安全情况。水不仅要“送到”,而且还要高质量“送到”,这是南水北调工程的初心。自南水北调东线江苏段工程建成运行以来,其工程运行管理工作一直按照“稳中求进,提质增效”的总思路,扎实推进规范化、标准化、精细化、信息化建设。 | |
| 410 | 0 | @12001 @a南水北调后续工程高质量发展·大型泵站标准化管理系列丛书 |
| 606 | 0 | @a南水北调@Anan shui bei tiao@x泵站@x标准化管理 |
| 690 | @aTV675-65@v5 | |
| 711 | 02 | @a南水北调东线江苏水源有限责任公司@Anan shui bei tiao dong xian jiang su shui yuan you xian ze ren gong si@4编著 |
| 905 | @a河南城建学院图书馆@dTV675-65@eN250 | |
| 管理条件、管理标识、管理安全/南水北调东线江苏水源有限责任公司编著.-南京:河海大学出版社,2022.02 |
| 119页:彩图;26cm.-(南水北调后续工程高质量发展·大型泵站标准化管理系列丛书) |
| ISBN 978-7-5630-7377-1:CNY59.00 |
| 本书主要介绍泵站工程管理条件、管理标识、管理安全情况。水不仅要“送到”,而且还要高质量“送到”,这是南水北调工程的初心。自南水北调东线江苏段工程建成运行以来,其工程运行管理工作一直按照“稳中求进,提质增效”的总思路,扎实推进规范化、标准化、精细化、信息化建设。 |
| ● |
| 相关链接 |
|
|
|
正题名:管理条件、管理标识、管理安全
索取号:TV675-65/N250
 
预约/预借
| 序号 | 登录号 | 条形码 | 馆藏地/架位号 | 状态 | 备注 |
| 1 | 1586954 | 215869549 | 自科库501/501自科库 48排4列1层/ [索取号:TV675-65/N250] | 在馆 | |
| 2 | 1586955 | 215869558 | 自科库501/501自科库 48排4列1层/ [索取号:TV675-65/N250] | 在馆 |